000 00530nam a2200181Ia 4500
001 16339
005 20260306170302.0
008 260306t2022||||xx |||||||||||||| ||und||
041 _aESP
082 _a348.4
_bB114
100 _aBahamonde Quinteros, Mery Judith
_eAUT
245 0 _aGuía de principales beneficios tributarios:
_bRégimen agrario: nuevos aspectos claves para la aplicación de beneficios
260 _c2022
300 _a64 páginas :
_c24 cm.
650 _aGEN
654 _aCDE
942 _cLIB
_dJUS
_fJUS
_2ddc
_n
999 _c16339
_d16339